000 06209namaa22004211i 4500
003 OSt
005 20260418130442.0
008 250827s2025 ua a|||frm||| 000 0 eng d
040 _aEG-GICUC
_bara
_cEG-GICUC
_dEG-GICUC
_erda
041 0 _aara
_bara
_beng
049 _aإيداع
082 0 4 _a372.218
092 _a372.218
_221
097 _aمــــاجستير
099 _aCai01.26.01.M.Sc.2025.هب.ب
100 0 _a،هبة كمال حلمي عثمان
_eإعداد.
245 1 0 _aبرنامج قائم على العَرُوض الرَّقْمِيَّة التَّفاعُلِيَّة لتنمية الذَّكَاء الحَرَكِيّ والحَدّ مِنْ صُعُوبات التَّعَلُّم لدى طِفْل الرَّوْضَة /
_cإعداد هبة كمال حلمي عثمان؛ إشراف أ.د. جيهان عبد الفتاح عزام، أ.م.د. رانيا وجيه حلمي.
246 1 5 _aProgram based on interactive digital displays to develop kinesthetic intelligence and limit learning disabilities among kindergarteners /
264 0 _c2025.
300 _a132 صفحة :
_bإيضاحيات ؛
_c25 سم. +
_eCD.
336 _atext
_2rda content
337 _aUnmediated
_2rdamedia
338 _avolume
_2rdacarrier
502 _aأطروحة (ماجستير)-جامعة القاهرة، 2025.
504 _aببليوجرافيا: صفحات 106-111.
520 _aهدف البحث الحالي إلى إعداد برنامج قائم على العَرُوض الرَّقْمِيَّة التَّفاعُلِيَّة لتنمية الذَّكَاء الحَرَكِيّ والحَدّ مِنْ صُعُوبات التَّعَلُّم لدى طِفْل الرَّوْضَة، والتأكد من فاعليته في تنمية الذَّكَاء الحَرَكِيّ، وكذلك الحَدّ مِنْ صُعُوبات التَّعَلُّم، وكذلك التحقق من استمرارية فاعلية البرنامج في تنمية الذَّكَاء الحَرَكِيّ وكذلك الحَدّ مِنْ صُعُوبات التَّعَلُّم. وقد استخدمت الباحثة المنهج شبه التجريبي، واشتملت عينة البحث على (10) أطفال تتراوح أعمارهم بين 6,5 – 7,5 سنوات من روضة أكاديمية الموهوبين ومركز ذوي الاحتياجات الخاصة كلية الدراسات العليا للطفولة جامعة عين شمس، وتمثلت أدوات البحث في اختبار المصفوفات المتتابعة المقنن لرافن لقياس ذكاء الأطفال (جون رافن، 2008)، مقياس صُعُوبات التَّعَلُّم النمائية لأطفال الروضة (بطرس حافظ، سهير كامل :2010)، مقياس الذَّكَاء الحَرَكِيّ (إعداد الباحثة)، برنامج قائم على العَرُوض الرَّقْمِيَّة التَّفاعُلِيَّة المقترح (إعداد الباحثة). وقد أوضحت النتائج فاعلية البرنامج القائم على العَرُوض الرَّقْمِيَّة التَّفاعُلِيَّة لتنمية الذَّكَاء الحَرَكِيّ وللحد من صُعُوبات التَّعَلُّم لدى طِفْل الرَّوْضَة، واستمرار فاعليتها بعد التطبيق، ويدعو هذا إلى إعادة النظر في تخطيط برامج طِفْل الرَّوْضَة لتفعيل العَرُوض الرَّقْمِيَّة التَّفاعُلِيَّة بشكل يخدم العملية التعليمية، ويتيح أقصى نمو لجميع جوانب شخصيته.
520 _aThe current research aims to prepare a program based on interactive digital displays to develop Kinesthetic intelligence and limit learning difficulties for kindergarten children and verify its effectiveness in developing Kinesthetic intelligence as well as limiting learning difficulties, as well as verifying the continuity of the program’s effectiveness in developing Kinesthetic intelligence as well as limiting learning difficulties. the Quasi-experimental design was used the research sample included (10) children between the ages of 6.5 - 7.5 years from the kindergarten of the Academy for the Talented and the Center for People with Special Needs, College of Graduate Studies for Childhood, Ain Shams University. The research tools included Raven’s progressive matrices for measuring children’s intelligence (John Raven, 2008), the developmental learning difficulties battery "diagnosis and intervention" (Butros Hafez and Suhair Kamel, 2010), the Kinesthetic intelligence scale (prepared by the researcher), a program based on the interactive digital displays (prepared by the researcher) Findings have confirmed the effectiveness of the program based on interactive digital displays to develop Kinesthetic intelligence and limit learning difficulties for kindergarten children, the effectiveness continued after application which requires reconsidering the planning of programs for kindergarten children to activate interactive digital displays in a way that serves the educational process and provides maximum growth of all aspects of his personality.
530 _aصدر أيضًا كقرص مدمج.
546 _aالنص بالعربية والملخص باللغة الإنجليزية والعربية.
650 7 _aرياض الاطفال
_2qrmak
653 0 _aالعَرُوض الرَّقْمِيَّة التَّفاعُلِيَّة
_aالذَّكَاء الحَرَكِيّ
_aصُعُوبات التَّعَلُّم
700 0 _aجيهان عبد الفتاح عزام
_eمشرف أطروحة.
700 0 _aرانيا وجيه حلمي
_eمشرف أطروحة.
900 _b01-01-2025
_cجيهان عبد الفتاح عزام
_cرانيا وجيه حلمي
_dابتهاج محمود طلبة
_dإيناس السيد محمد
_Uجامعة القاهرة
_Fكلية التربيه للطفولة المبكرة
_Dقسم رياض الاطفال
905 _aSara
_eAfaf
942 _2ddc
_cTH
_e21
_n0
999 _c179501